[Event "5th Classic Open 2013"]
[Site "London ENG"]
[Date "2013.12.13"]
[Round "7.55"]
[White "Willmoth, Robert F"]
[Black "Arapalea, Daniel-Ionel"]
[Result "1-0"]
[WhiteElo "2157"]
[BlackElo "1814"]
[WhiteFideId "402540"]
[BlackFideId "1232614"]
[EventDate "2013.12.07"]

1. d4 d5 2. Nf3 Nf6 3. g3 g6 4. Bg2 Bg7 5. O-O O-O 6. c4 c6 7. b3 Re8 8. Bb2
Nbd7 9. Nc3 Nf8 10. Rc1 Bh6 11. e3 Rb8 12. Ne5 dxc4 13. bxc4 N6d7 14. f4 Nxe5
15. dxe5 Qb6 16. Na4 Qa5 17. Bc3 Qa6 18. c5 Be6 19. Qc2 Rec8 20. Bb4 Nd7 21.
Rfd1 b6 22. cxb6 c5 23. b7 Rxb7 24. Be1 Rbc7 25. Bf2 Nb6 26. Nc3 Bf8 27. e4 Bd7
28. Rd2 e6 29. g4 Qa5 30. h4 Na4 31. Rxd7 Rxd7 32. Qxa4 Qd8 33. Rd1 Rxd1+ 34.
Qxd1 Qxd1+ 35. Nxd1 Rd8 36. Ne3 Rd4 37. Bf1 Rxe4 38. Nc4 Rxf4 39. Be2 Be7 40.
Kg2 f6 41. Be3 Re4 42. exf6 Bxf6 43. Kf3 Rxe3+ 44. Kxe3 Bxh4 45. Ne5 Kg7 46. Nc6
Kf6 47. Kf4 g5+ 48. Ke4 Bf2 49. Nxa7 c4 50. Nb5 Be1 51. a4 c3 52. Nd4 Bf2 53.
Nc2 Bb6 54. Bd1 e5 55. Ne3 Bd4 56. Nf5 Bb6 57. Ng3 Ke6 58. Kd3 Kd5 59. Ne4 h6
60. Nxc3+ Kc5 61. Ne4+ Kb4 62. Nf6 Bc5 63. Ke4 Kc3 64. Kxe5 Kd2 65. Bb3 Bb4 66.
Kf5 Ke2 67. Kg6 Kf3 68. Kxh6 Bd2 69. Kh5 1-0

[Event "5th Classic Open 2013"]
[Site "London ENG"]
[Date "2013.12.13"]
[Round "7.56"]
[White "Shaw, Robin A."]
[Black "Green, Andrew D"]
[Result "0-1"]
[WhiteElo "1802"]
[BlackElo "2148"]
[WhiteFideId "3204677"]
[BlackFideId "2401762"]
[EventDate "2013.12.07"]

1. e4 c5 2. d4 cxd4 3. c3 dxc3 4. Nxc3 Nc6 5. Nf3 d6 6. Bc4 a6 7. Bg5 Nf6 8. e5
dxe5 9. Qxd8+ Nxd8 10. Nxe5 Ng4 11. Nxg4 Bxg4 12. h3 Be6 13. Be2 g6 14. Rd1 Bg7
15. a3 Bb3 16. Rd2 Ne6 17. Be3 Rd8 18. Rxd8+ Kxd8 19. O-O Kc8 20. Rc1 Kb8 21.
Bd1 Bxd1 22. Rxd1 Rd8 23. Rxd8+ Nxd8 24. Kf1 Bxc3 25. bxc3 Kc7 26. Ke2 Kc6 27.
Kd3 Ne6 28. Kc4 b5+ 29. Kb4 Nc7 30. c4 bxc4 31. Kxc4 Nd5 32. Bd2 e5 33. g3 Nb6+
34. Kd3 Kd5 35. Bb4 f5 36. f3 Nc4 37. Be7 e4+ 38. fxe4+ fxe4+ 39. Ke2 Kd4 40.
Bf6+ Kc5 41. Be7+ Kb5 42. Bf8 Ka4 43. Be7 Kb3 44. Bf8 a5 45. Be7 a4 46. Bf8 Nxa3
47. Ke3 Nc2+ 48. Kxe4 Nb4 49. Kf4 a3 50. Kg5 a2 51. Bg7 Nd3 52. Ba1 Kc2 53. Kh6
Kb1 54. Bf6 Nb2 0-1

[Event "5th Classic Open 2013"]
[Site "London ENG"]
[Date "2013.12.13"]
[Round "7.58"]
[White "Quinn, John M"]
[Black "Shepley, Julien M"]
[Result "1-0"]
[WhiteElo "2130"]
[BlackElo "1986"]
[WhiteFideId "405043"]
[BlackFideId "403210"]
[EventDate "2013.12.07"]

1. d4 d5 2. c4 e6 3. Nf3 c5 4. cxd5 exd5 5. Nc3 Nc6 6. g3 Nf6 7. Bg2 cxd4 8.
Nxd4 Be7 9. O-O O-O 10. Bg5 h6 11. Be3 Bg4 12. Nxc6 bxc6 13. Rc1 Re8 14. h3 Bd7
15. Bd4 Bd6 16. Re1 a5 17. e4 dxe4 18. Bxf6 Qxf6 19. Nxe4 Rxe4 20. Rxe4 c5 21.
Re2 Rb8 22. b3 Bb5 23. Rd2 Bf8 24. a4 Be8 25. Rc4 Qb6 26. Rd3 Bc6 27. Bxc6 Qxc6
28. Qf3 Qe6 29. Kg2 Rxb3 30. Rxb3 Qxc4 31. Rb8 Qd4 32. Qa8 Qd6 33. Rd8 Qe7 34.
Re8 Qd6 35. Qd8 Qxd8 36. Rxd8 f6 37. Kf3 Kf7 38. Ra8 Bd6 39. Rxa5 Ke6 40. Ke4
f5+ 41. Kd3 Kd5 42. Rb5 1-0

[Event "5th Classic Open 2013"]
[Site "London ENG"]
[Date "2013.12.13"]
[Round "7.59"]
[White "Dydak, Mateusz"]
[Black "Compton, Alistair"]
[Result "1/2-1/2"]
[WhiteElo "1901"]
[BlackElo "2101"]
[WhiteFideId "2612305"]
[BlackFideId "4300645"]
[EventDate "2013.12.07"]

1. f4 d5 2. Nf3 Bg4 3. Ne5 Bh5 4. g3 f6 5. Nf3 Bxf3 6. exf3 Nc6 7. Bh3 e5 8.
fxe5 fxe5 9. d3 Nf6 10. Be3 Bd6 11. Nd2 Qe7 12. Qe2 Nb4 13. Nb3 d4 14. Bf2 a5
15. a3 Nbd5 16. Nd2 c6 17. Ne4 Nxe4 18. fxe4 Nc7 19. Qh5+ g6 20. Qg4 O-O 21. O-O
Rf7 22. Be1 Rxf1+ 23. Bxf1 Ne6 24. Bd2 a4 25. Bh3 Re8 26. Bh6 Qc7 27. Rf1 Ng7
28. Kg2 Rd8 29. Bxg7 Kxg7 30. Qe6 Rf8 31. Rxf8 Bxf8 32. Qd7+ Qxd7 33. Bxd7 Kf6
34. Bc8 Bh6 35. Bxb7 Bc1 36. b3 axb3 37. cxb3 Bxa3 38. Bxc6 g5 39. Kf3 h6 40.
Kg4 Bb4 41. Kh5 Kg7 42. h4 gxh4 43. gxh4 Bd2 44. Kg4 Kf6 45. Bd5 Bb4 46. Bc4 Bd2
47. Bd5 Bb4 1/2-1/2

[Event "5th Classic Open 2013"]
[Site "London ENG"]
[Date "2013.12.13"]
[Round "7.61"]
[White "Kalerwa, Edwin M"]
[Black "Seymour, Timothy P"]
[Result "0-1"]
[WhiteElo "1820"]
[BlackElo "2094"]
[WhiteFideId "422223"]
[BlackFideId "412112"]
[EventDate "2013.12.07"]

1. c4 e5 2. Nc3 Nc6 3. g3 Nf6 4. Bg2 Bc5 5. e3 d5 6. cxd5 Nb4 7. d4 exd4 8. exd4
Be7 9. a3 Nbxd5 10. Nge2 O-O 11. O-O Be6 12. Re1 c6 13. Nf4 Nxf4 14. Bxf4 Re8
15. Qd3 Nd5 16. Be4 h6 17. Bh7+ Kh8 18. Nxd5 Qxd5 19. Be4 Qd7 20. Qd2 Kg8 21.
Rac1 Rad8 22. Rcd1 Bb3 23. Bc2 Bxc2 24. Qxc2 Bf6 25. Be5 Bxe5 26. dxe5 Rxe5 27.
Rf1 Rd5 28. Rde1 Rd2 29. Qb3 b5 30. Qb4 Qd4 31. Qxd4 R8xd4 32. Re8+ Kh7 33. Re7
a5 34. Rxf7 Rxb2 35. Rc7 Rc2 36. Re1 h5 37. Re5 b4 38. Rxh5+ Kg6 39. Rxa5 b3 40.
Rb7 b2 41. Kg2 Rd1 42. Raa7 b1=Q 43. Rxb1 Rxb1 44. h4 Rb3 0-1

[Event "5th Classic Open 2013"]
[Site "London ENG"]
[Date "2013.12.13"]
[Round "7.62"]
[White "Puccini, Jack"]
[Black "Phillips, Owen S"]
[Result "1-0"]
[WhiteTitle "CM"]
[WhiteElo "2073"]
[BlackElo "1913"]
[WhiteFideId "3213307"]
[BlackFideId "417882"]
[EventDate "2013.12.07"]

1. c4 c5 2. Nc3 Nc6 3. g3 g6 4. Bg2 Bg7 5. e3 e5 6. Nge2 d6 7. a3 Be6 8. Nd5
Bxd5 9. cxd5 Nce7 10. O-O f5 11. d4 b6 12. b4 cxb4 13. axb4 Nh6 14. dxe5 Bxe5
15. Nd4 Nf7 16. Ra2 h5 17. Bb2 h4 18. f4 Bxd4 19. Bxd4 Rh7 20. g4 h3 21. Bf3
fxg4 22. Bxg4 Nxd5 23. Bf3 Ne7 24. Qa4+ Kf8 25. Bxa8 Qxa8 26. Qxa7 Qxa7 27. Rxa7
Nc6 28. Ra8+ Ke7 29. Rc1 Nxd4 30. Rc7+ Ke6 31. Re8+ Kd5 32. e4# 1-0

[Event "5th Classic Open 2013"]
[Site "London ENG"]
[Date "2013.12.13"]
[Round "7.63"]
[White "Bass, John W"]
[Black "Sagues, Vincent"]
[Result "1/2-1/2"]
[WhiteElo "2048"]
[BlackElo "1904"]
[WhiteFideId "407925"]
[BlackFideId "625680"]
[EventDate "2013.12.07"]

1. d4 Nf6 2. c4 g6 3. Nc3 d5 4. Nf3 Bg7 5. Bf4 O-O 6. Rc1 c6 7. e3 Bg4 8. Qb3 b6
9. Be2 dxc4 10. Qxc4 Be6 11. Qa4 b5 12. Qc2 Na6 13. O-O Nb4 14. Qb1 Nbd5 15.
Nxd5 Bxd5 16. Ne5 Ne4 17. Rfd1 Rc8 18. f3 Nd6 19. b3 f6 20. Nd3 Nb7 21. e4 Bf7
22. Be3 Qd7 23. Rc2 a5 24. Qc1 Rfd8 25. Nc5 Nxc5 26. Rxc5 e6 27. f4 Bf8 28. Rc2
Qb7 29. Bf3 Qd7 30. Bf2 Be8 31. d5 cxd5 32. exd5 Rxc2 33. Qxc2 exd5 34. Rxd5 Qe7 1/2-1/2

[Event "5th Classic Open 2013"]
[Site "London ENG"]
[Date "2013.12.13"]
[Round "7.64"]
[White "Donovan, Nigel P"]
[Black "Torgersen, Markus"]
[Result "1-0"]
[WhiteElo "2033"]
[BlackElo "1732"]
[WhiteFideId "403822"]
[BlackFideId "1511653"]
[EventDate "2013.12.07"]

1. e4 c6 2. d4 d5 3. e5 Bf5 4. Nf3 e6 5. Be2 c5 6. c3 Nc6 7. O-O Qb6 8. Qa4 c4
9. Nbd2 Qa5 10. Qd1 Rc8 11. Nh4 Nge7 12. g4 Bg6 13. f4 Qb6 14. Kh1 f6 15. f5
exf5 16. exf6 gxf6 17. Nxf5 Nd8 18. Qa4+ Kf7 19. Nxc4 dxc4 20. Bxc4+ Ne6 21. d5
Bxf5 22. gxf5 Nc5 23. d6+ Kg7 24. Rg1+ Ng6 25. Qd1 Ne4 26. Qd5 Nxd6 27. fxg6
hxg6 28. Rxg6+ Kxg6 29. Qg2+ Kf5 30. Qf3+ Kg6 31. Qg4+ Kh7 32. Bg8+ Rxg8 33.
Qh5+ Kg7 34. Bh6+ Kh7 35. Bxf8# 1-0

[Event "5th Classic Open 2013"]
[Site "London ENG"]
[Date "2013.12.13"]
[Round "7.65"]
[White "Stokes, Paul C"]
[Black "Schmitz, Tim"]
[Result "1/2-1/2"]
[WhiteElo "2030"]
[BlackElo "1909"]
[WhiteFideId "419010"]
[BlackFideId "1270221"]
[EventDate "2013.12.07"]

1. d4 Nf6 2. c4 g6 3. Nf3 Bg7 4. g3 O-O 5. Bg2 d6 6. O-O Nc6 7. Nc3 a6 8. h3 Rb8
9. e4 e5 10. Be3 exd4 11. Nxd4 Bd7 12. Qc2 Re8 13. Rad1 Qc8 14. Kh2 h5 15. a3
Ne5 16. Nd5 b5 17. Nxf6+ Bxf6 18. b3 bxc4 19. bxc4 c5 20. Nb3 Ba4 1/2-1/2

[Event "5th Classic Open 2013"]
[Site "London ENG"]
[Date "2013.12.13"]
[Round "7.66"]
[White "Peck, Silas"]
[Black "Gschwendtner, Stanislav"]
[Result "1/2-1/2"]
[WhiteElo "1803"]
[BlackElo "1999"]
[WhiteFideId "432865"]
[BlackFideId "307297"]
[EventDate "2013.12.07"]

1. e4 c5 2. Nf3 d6 3. d4 cxd4 4. Nxd4 Nf6 5. Nc3 a6 6. Bg5 Nbd7 7. f4 g6 8. Qf3
h6 9. Bh4 Bg7 10. Bc4 g5 11. Nf5 Bf8 12. fxg5 Ne5 13. Qe2 hxg5 14. Bxg5 Nxc4 15.
Bxf6 exf6 16. Qxc4 Bxf5 17. exf5 Bh6 18. Nd5 Rc8 19. Qd4 Kf8 20. O-O Rxc2 21.
Rae1 Rd2 22. Qxf6 Qxf6 23. Nxf6 Rxb2 24. Re8+ Kg7 25. Nh5+ Kh7 26. Nf6+ Kg7 27.
Nh5+ Kh7 1/2-1/2

[Event "5th Classic Open 2013"]
[Site "London ENG"]
[Date "2013.12.13"]
[Round "7.73"]
[White "Faldon, David J"]
[Black "Opasiak, Dustin Tennessee"]
[Result "1-0"]
[WhiteElo "1960"]
[BlackElo "1796"]
[WhiteFideId "426016"]
[BlackFideId "24630217"]
[EventDate "2013.12.07"]

1. d4 Nf6 2. Bf4 c5 3. dxc5 Na6 4. Qd4 Qa5+ 5. c3 Qxc5 6. e3 b6 7. Nf3 g6 8.
Nbd2 Bg7 9. Bc4 O-O 10. O-O Qc6 11. Ne5 Qb7 12. Be2 d5 13. Qa4 Nd7 14. Nxd7 1-0

[Event "5th Classic Open 2013"]
[Site "London ENG"]
[Date "2013.12.13"]
[Round "7.74"]
[White "Nettleton, Charlie B"]
[Black "De Lagontrie, Jean"]
[Result "1-0"]
[WhiteElo "1913"]
[BlackElo "1775"]
[WhiteFideId "419710"]
[BlackFideId "605271"]
[EventDate "2013.12.07"]

1. d4 Nf6 2. Nf3 d5 3. Bg5 Ne4 4. Bf4 c5 5. e3 Nc6 6. dxc5 e6 7. Nbd2 Nxd2 8.
Qxd2 Bxc5 9. a3 O-O 10. b4 Bb6 11. c4 dxc4 12. Qxd8 Rxd8 13. Bxc4 h6 14. Ke2 Bd7
15. Rhd1 Be8 16. Ra2 Rxd1 17. Kxd1 Rd8+ 18. Rd2 Ne7 19. Rxd8 Bxd8 20. Kc2 b5 21.
Bd3 Nd5 22. Bb8 a6 23. Nd4 Bc7 24. Bxc7 Nxc7 25. Be4 Kf8 26. Nb3 Ke7 27. Nc5 Kd6
28. Bb7 Bc6 29. Kd3 Bxb7 30. Nxb7+ Kc6 31. Nd8+ Kb6 32. Nxf7 a5 33. Nd8 axb4 34.
axb4 g6 35. e4 h5 36. h4 Ka7 37. Kd4 Na6 38. Nxe6 Nxb4 39. Nf4 Ka6 40. Nxg6 1-0

[Event "5th Classic Open 2013"]
[Site "London ENG"]
[Date "2013.12.13"]
[Round "7.75"]
[White "Gates, David A"]
[Black "Matthew, Ian G"]
[Result "1-0"]
[WhiteElo "1727"]
[BlackElo "1910"]
[WhiteFideId "415723"]
[BlackFideId "423165"]
[EventDate "2013.12.07"]

1. e4 e5 2. Nf3 Nc6 3. Bb5 Nd4 4. Ba4 Bc5 5. d3 Nxf3+ 6. Qxf3 Qf6 7. Qg3 Ne7 8.
Nc3 c6 9. Bd2 O-O 10. h4 b5 11. Bb3 a5 12. a3 Bd4 13. Bg5 Qd6 14. f4 a4 15. Ba2
h6 16. f5 h5 17. Rf1 Qc5 18. Kd2 Bxc3+ 19. bxc3 d5 20. Bxe7 1-0

[Event "5th Classic Open 2013"]
[Site "London ENG"]
[Date "2013.12.13"]
[Round "7.77"]
[White "Miu, Marinel"]
[Black "McCarthy, Damian"]
[Result "0-1"]
[WhiteElo "1683"]
[BlackElo "1905"]
[WhiteFideId "1220691"]
[BlackFideId "422240"]
[EventDate "2013.12.07"]

1. c4 c5 2. Nc3 g6 3. g3 Bg7 4. Bg2 Nc6 5. Nf3 d6 6. O-O e5 7. d3 Nge7 8. Rb1
Rb8 9. a3 a6 10. b4 cxb4 11. axb4 b5 12. cxb5 axb5 13. Bd2 O-O 14. Qc1 f6 15. h4
Be6 16. Bh6 Qd7 17. Bxg7 Kxg7 18. Ne4 Rfc8 19. Qb2 h6 20. d4 Bf5 21. dxe5 fxe5
22. Ned2 Bxb1 23. Rxb1 Qg4 24. e3 Rc7 25. Kh2 Qf5 26. Bh3 Qd3 27. Bf1 Qf5 28.
Qb3 Nd8 29. Bd3 Qe6 30. Qb2 Nf7 31. Ra1 Nc6 32. Ra5 Nxa5 33. bxa5 b4 34. a6 Rc3
35. Bf1 Ra3 36. Nc4 Rxa6 37. Ncxe5 Ra2 38. Qc1 Rxf2+ 39. Kg1 Rxf1+ 40. Kxf1 dxe5
41. Qc7 Rc8 42. Qb7 Rc1+ 43. Ke2 Qc4+ 0-1

[Event "5th Classic Open 2013"]
[Site "London ENG"]
[Date "2013.12.13"]
[Round "7.78"]
[White "Reutimann, Hans Peter"]
[Black "Pleininger, Rudolf"]
[Result "1-0"]
[WhiteElo "1814"]
[BlackElo "1968"]
[WhiteFideId "1313886"]
[BlackFideId "1305999"]
[EventDate "2013.12.07"]

1. d4 Nf6 2. Nf3 g6 3. Bf4 d6 4. e3 Bg7 5. Nbd2 c5 6. c3 O-O 7. Bc4 cxd4 8. exd4
Qc7 9. O-O Nh5 10. Be3 Nc6 11. Re1 e5 12. dxe5 dxe5 13. a4 b6 14. Ba2 Bb7 15.
Qe2 Kh8 16. Nc4 Rae8 17. Rad1 Ba6 18. Qc2 Bxc4 19. Bxc4 f5 20. Ng5 Rf6 21. Bb3
h6 22. Nh3 f4 23. Bc1 f3 24. Rd3 fxg2 25. Kxg2 Qc8 26. Kh1 e4 27. Rde3 Ref8 28.
Qxe4 Na5 29. Be6 Qb8 30. Rd3 Nb7 31. b4 Re8 32. Qc6 Ref8 33. Qe4 Re8 34. Qd5 Rf5
35. Qg2 Kh7 36. Bd2 Re5 37. Rxe5 Bxe5 38. Rd7+ Bg7 39. Rxb7 Qd6 40. Bd5 Re2 41.
Be3 Re1+ 42. Ng1 Kh8 43. Rxa7 Nf6 44. Bf7 g5 45. h3 Kh7 46. Bb3 Qd3 47. Bd4 Qf5
48. Bxf6 Qxf6 49. Bc2+ Kh8 50. Qa8+ Bf8 51. Rh7+ Kg8 52. Qd5+ Qe6 53. Qxe6+ Rxe6
54. Kg2 Bg7 55. c4 Rc6 56. Rxg7+ Kxg7 57. Bd3 Rd6 58. Be2 Kf6 59. Nf3 Kf5 60. c5
bxc5 61. bxc5 Rd5 62. c6 Rc5 63. Bb5 Ke4 64. Nd2+ Ke5 65. Nb3 Rc3 66. Na5 Kd6
67. f3 Rc2+ 68. Kg3 h5 69. Nc4+ Kc7 70. Ne3 Rc5 71. h4 gxh4+ 72. Kxh4 Re5 73.
Ng2 Rf5 74. f4 Rc5 75. Ne3 Kd6 76. Nc4+ Kc7 77. Ne5 1-0

[Event "5th Classic Open 2013"]
[Site "London ENG"]
[Date "2013.12.13"]
[Round "7.79"]
[White "Chilton, James I"]
[Black "White, David J"]
[Result "0-1"]
[WhiteElo "1778"]
[BlackElo "1915"]
[WhiteFideId "423009"]
[BlackFideId "402931"]
[EventDate "2013.12.07"]

1. d4 Nf6 2. c4 c5 3. d5 b5 4. cxb5 a6 5. bxa6 g6 6. Nc3 Bxa6 7. g3 d6 8. Bg2
Bg7 9. Nf3 O-O 10. O-O Nbd7 11. Re1 Qb6 12. e4 Ng4 13. h3 Nge5 14. Bf1 Nxf3+ 15.
Qxf3 Ne5 16. Qd1 Bxf1 17. Kxf1 c4 18. Re2 Nd3 19. Be3 Qb4 20. a3 Qa5 21. Ra2
Nxb2 22. Rexb2 Bxc3 23. Rc2 Rfb8 24. Qe2 Rb1+ 25. Kg2 Rc8 26. Bd2 Bxd2 27. Qxd2
c3 28. Qe3 Rb3 29. Qc1 Qa4 30. Qa1 Qxe4+ 31. Kh2 Qxd5 32. a4 Rcb8 33. Qh1 Qxh1+
34. Kxh1 d5 35. a5 d4 36. a6 d3 37. a7 Ra8 38. Rc1 d2 39. Rca1 Rb2 40. Rxb2 cxb2
41. Rd1 Rxa7 42. Kg2 Ra1 43. Rxd2 b1=Q 44. g4 Qh1+ 45. Kg3 Ra3+ 46. Kf4 Qc1 0-1

[Event "5th Classic Open 2013"]
[Site "London ENG"]
[Date "2013.12.13"]
[Round "7.80"]
[White "Kane, Robert"]
[Black "Staneland, Peter E"]
[Result "1-0"]
[WhiteElo "1866"]
[BlackElo "1829"]
[WhiteFideId "420468"]
[BlackFideId "416576"]
[EventDate "2013.12.07"]

1. d4 Nf6 2. Nf3 d5 3. e3 g6 4. c4 c6 5. Nc3 Bg7 6. Qb3 O-O 7. Bd3 e6 8. O-O
Nbd7 9. cxd5 exd5 10. h3 Re8 11. Bd2 Ne4 12. Rad1 Ndf6 13. Bc1 Rb8 14. Ne5 Be6
15. Qc2 Bf5 16. b4 Bf8 17. a3 Bd6 18. Bb2 Nd7 19. Nxe4 Bxe4 20. Bxe4 dxe4 21.
Qc4 Qe7 22. Nxd7 Qxd7 23. d5 Be5 24. Bxe5 Rxe5 25. dxc6 Qxc6 26. Qd4 Rbe8 27.
Qxa7 Rg5 28. Qd4 Ree5 29. Qd8+ Kg7 30. Rd6 Qc4 31. Qf6+ Kh6 32. g4 Qe2 33. Qf4
Qf3 34. Qxf3 exf3 35. Rc1 f5 36. Rc4 fxg4 37. hxg4 b5 38. Rf4 Ref5 39. Rxf5 1-0

[Event "5th Classic Open 2013"]
[Site "London ENG"]
[Date "2013.12.13"]
[Round "7.81"]
[White "Bratteteig, Tore-Inge"]
[Black "Solli, Oddvar"]
[Result "0-1"]
[WhiteElo "1696"]
[BlackElo "1849"]
[WhiteFideId "1510711"]
[BlackFideId "1501208"]
[EventDate "2013.12.07"]

1. d4 d5 2. Nf3 Nf6 3. Bf4 g6 4. e3 Bg7 5. h3 O-O 6. c4 c5 7. Nc3 cxd4 8. exd4
Nc6 9. Rc1 Qa5 10. Be2 Ne4 11. O-O Nxc3 12. bxc3 dxc4 13. Bxc4 b5 14. Bd5 Bb7
15. Ne5 Rac8 16. Nxf7 Rxf7 17. Qb3 Nd8 18. Bxf7+ Nxf7 19. Rfe1 Kf8 20. Qe6 Qd8
21. Qe3 Bf6 22. g4 Qd5 23. f3 Rxc3 24. Qe4 Qxd4+ 25. Kf1 Bxe4 0-1

[Event "5th Classic Open 2013"]
[Site "London ENG"]
[Date "2013.12.13"]
[Round "7.86"]
[White "Warstad, Leif E"]
[Black "Kouchak, Jason"]
[Result "1/2-1/2"]
[WhiteElo "1564"]
[BlackElo "1740"]
[WhiteFideId "1516060"]
[BlackFideId "26011379"]
[EventDate "2013.12.07"]

1. Nf3 d5 2. d4 Nf6 3. c4 c6 4. Nc3 Bf5 5. Qb3 Qb6 6. Qxb6 axb6 7. cxd5 cxd5 8.
e3 e6 9. Bb5+ Nbd7 10. O-O Bd6 11. Ne5 Ke7 12. Nxd7 Nxd7 13. Bd2 Ra5 14. Rfc1
Nf6 15. f3 Bb4 16. Bf1 Rd8 17. a3 Bd6 18. Nb5 Raa8 19. Nxd6 Rxd6 20. Bb4 Ne8 21.
Bxd6+ Kxd6 22. Rc3 f6 23. Rac1 e5 24. dxe5+ fxe5 25. Rb3 Bd7 26. Rxb6+ Bc6 27.
Rb3 Nc7 28. Rbc3 d4 29. exd4 exd4 30. R3c2 Rd8 31. Bd3 Nd5 32. Bxh7 g6 33. Bxg6
Nf4 34. Be4 d3 35. Rxc6+ bxc6 36. Rxc6+ Ke5 37. Kf2 d2 38. Bc2 d1=Q 39. Bxd1
Rxd1 40. Rc2 Rd6 41. b4 Kd4 42. Rd2+ Nd3+ 43. Kg3 Ke3 44. Rc2 Rg6+ 45. Kh3 Nf4+
46. Kh4 Nxg2+ 47. Kh5 Nf4+ 48. Kh4 Ng2+ 49. Kh3 Nf4+ 50. Kh4 1/2-1/2

[Event "5th Classic Open 2013"]
[Site "London ENG"]
[Date "2013.12.13"]
[Round "7.87"]
[White "Lie, Terje"]
[Black "Haddock, Paul"]
[Result "0-1"]
[WhiteElo "1551"]
[BlackElo "1668"]
[WhiteFideId "1504916"]
[BlackFideId "419150"]
[EventDate "2013.12.07"]

1. d4 Nf6 2. c4 e5 3. dxe5 Ng4 4. Nf3 Nc6 5. Bf4 Bb4+ 6. Nc3 Qe7 7. Qd5 f6 8.
exf6 Nxf6 9. Qd1 d6 10. Bg5 O-O 11. e3 Ne5 12. Be2 b6 13. O-O Bxc3 14. bxc3 Bb7
15. Nd4 Rae8 16. Bh5 Rd8 17. Be2 Qf7 18. Bxf6 Qxf6 19. f4 Qg6 20. Bf3 Nxf3+ 21.
Nxf3 Rde8 22. Qd2 Re7 23. Rae1 Rfe8 24. Kf2 Re4 25. Nd4 Rxd4 26. Re2 Rxd2 27.
Rxd2 Qxg2+ 28. Ke1 Rxe3+ 29. Kd1 Qxf1+ 30. Kc2 Be4+ 0-1

[Event "5th Classic Open 2013"]
[Site "London ENG"]
[Date "2013.12.14"]
[Round "8.2"]
[White "Delchev, Aleksander"]
[Black "Brunello, Sabino"]
[Result "1/2-1/2"]
[WhiteTitle "GM"]
[BlackTitle "GM"]
[WhiteElo "2648"]
[BlackElo "2603"]
[WhiteFideId "2900394"]
[BlackFideId "813613"]
[EventDate "2013.12.07"]

1. d4 d5 2. c4 c6 3. cxd5 cxd5 4. Nc3 Nf6 5. Bf4 Nc6 6. e3 Bg4 7. f3 Bd7 8. Bd3
e6 9. Bg3 Rc8 10. Nge2 Na5 11. O-O Nc4 12. Bxc4 Rxc4 13. e4 Be7 14. Qd3 Rc8 15.
exd5 Nxd5 16. Nxd5 exd5 17. Nc3 Bc6 18. Rae1 1/2-1/2

[Event "5th Classic Open 2013"]
[Site "London ENG"]
[Date "2013.12.14"]
[Round "8.3"]
[White "Gupta, Abhijeet"]
[Black "Vakhidov, Jahongir"]
[Result "1-0"]
[WhiteTitle "GM"]
[BlackTitle "IM"]
[WhiteElo "2608"]
[BlackElo "2452"]
[WhiteFideId "5010608"]
[BlackFideId "14201801"]
[EventDate "2013.12.07"]

1. d4 Nf6 2. c4 g6 3. f3 Bg7 4. e4 d6 5. Nc3 O-O 6. Nge2 a6 7. Be3 Nc6 8. Qd2
Na5 9. Ng3 b5 10. Bh6 Nxc4 11. Bxc4 bxc4 12. h4 c5 13. d5 Bxh6 14. Qxh6 e6 15.
h5 exd5 16. Nxd5 Ra7 17. O-O-O Nxd5 18. Rxd5 c3 19. e5 cxb2+ 20. Kb1 Be6 21. Ne4
f5 22. Rxd6 Bxa2+ 23. Kxb2 Rb7+ 24. Ka1 Qa5 25. Qd2 Qxd2 26. Nxd2 Bf7 27. e6 Be8
28. Re1 Bb5 29. Nb1 Re8 30. Nc3 Bc4 31. Na4 Rb5 32. Nb6 Rb4 33. h6 Kf8 34. Rc6
Ke7 35. Nc8+ Kf6 36. e7+ Kg5 37. Rxc5 Kf6 38. Rc6+ Kg5 39. Rc7 Bb5 40. Rd1 Rc4
41. Rxc4 Bxc4 42. Rd8 Bb5 43. Kb2 Kxh6 44. Kc3 Kg5 45. Kd4 Kf6 46. Kd5 Rxe7 47.
Nxe7 Kxe7 48. Rh8 Kf6 49. Rxh7 Bf1 50. Rh2 f4 51. Ke4 Kg5 52. Rh1 Bb5 53. Rc1
Bd7 54. Ke5 a5 55. Rc7 Bb5 56. Ke4 Bf1 57. Rc1 Be2 58. Ra1 Kh4 59. Kxf4 g5+ 60.
Ke3 Bb5 61. Rxa5 Bd7 62. Kf2 Kh5 63. Ra6 g4 64. f4 Bc8 65. Ra5+ 1-0

[Event "5th Classic Open 2013"]
[Site "London ENG"]
[Date "2013.12.14"]
[Round "8.4"]
[White "Van Kampen, Robin"]
[Black "Nevednichy, Vladislav"]
[Result "0-1"]
[WhiteTitle "GM"]
[BlackTitle "GM"]
[WhiteElo "2601"]
[BlackElo "2604"]
[WhiteFideId "1020854"]
[BlackFideId "1205730"]
[EventDate "2013.12.07"]

1. e4 c5 2. Nf3 e6 3. d4 cxd4 4. Nxd4 a6 5. Bd3 Bc5 6. Nb3 Ba7 7. Qe2 Nc6 8. O-O
Nge7 9. Be3 e5 10. c4 d6 11. Nc3 O-O 12. Rfd1 Be6 13. Rac1 Nd4 14. Bxd4 exd4 15.
Nd5 Ng6 16. Rf1 Qd7 17. f4 Rae8 18. Kh1 f5 19. Qd2 Nh4 20. Rce1 Qf7 21. Qf2 fxe4
22. Bxe4 Nf5 23. Qf3 Ne3 24. Nxd4 Bxd5 25. Rxe3 Bxc4 26. Rd1 d5 27. Bc2 Rxe3 28.
Qxe3 Qxf4 29. Qe6+ Qf7 30. b3 Bxd4 31. Qxf7+ Rxf7 32. bxc4 dxc4 33. g3 Bf6 34.
Bf5 Rc7 35. Rd7 Rxd7 36. Bxd7 b5 37. Kg2 c3 38. Be6+ Kf8 39. Bb3 Ke7 40. Kf3 Kd6
41. Ke4 Kc5 42. Kd3 Kb4 43. Kc2 Be5 44. Bg8 h6 45. Be6 Ka3 46. Kb1 a5 47. Kc2 b4
48. Bf7 a4 49. g4 Bxh2 50. Be6 Be5 51. Bf7 g6 52. Kb1 h5 53. gxh5 g5 54. Be6 b3
55. axb3 axb3 56. Bf5 g4 0-1